• 首页
  • 本馆介绍
  • 公告通知
  • 最新文献
  • 馆藏检索
  • 电子资源
  • 读者导购
  • 参考咨询
  • 我的图书馆
  • 登录
  • 详细信息显示
  • 放入我的书架
  • 预约/预借图书
  • 作者相关作品
  • 分类相关作品
  • 丛书相关作品
  • 出版社相关作品

书目信息

  • 表格格式
  • 工作单格式
  • 卡片格式
题名:
神啦!万能的需求心理学
    
 
作者: 曾献 著
分册:  
出版信息: 上海   上海财经大学出版社  2012
页数: 265页
开本: 24cm
丛书名:
单 册:
中图分类: B842.9
科图分类:
主题词: 心理需求--通俗读物
电子资源:
ISBN: 978-7-5642-1379-4
000 00775nam0 2200217 450
001 1537952591
005 20150117103301.37
010    @a978-7-5642-1379-4@dCNY29.80
100    @a20121106d2012 em y0chiy50 ea
101 0  @achi
102    @aCN@b310000
105    @aa z 000yy
200 1  @a神啦!万能的需求心理学@9shen la ! wan neng de xu qiu xin li xue@f曾献著
210    @a上海@c上海财经大学出版社@d2012
215    @a265页@c图@d24cm
330    @a本书探究生活中的36个基本心理需求,揭秘108个不可思议的日常现象。窥透人性的方方面面,一本可以用于生活和工作的心理学百科全书。书中教你如何像把玩魔方一样,把玩人性,挖掘需求。
606 0  @a心理需求@j通俗读物
690    @aB842.9@v5
701  0 @a曾献@9zeng xian@4著
801  0 @aCN@bTSSF@c20150117
905    @aZUCC@dB842.9@eJY1
    
    神啦!万能的需求心理学/曾献著.-上海:上海财经大学出版社,2012
    265页:图;24cm
    
    
    ISBN 978-7-5642-1379-4:CNY29.80
    本书探究生活中的36个基本心理需求,揭秘108个不可思议的日常现象。窥透人性的方方面面,一本可以用于生活和工作的心理学百科全书。书中教你如何像把玩魔方一样,把玩人性,挖掘需求。
●
相关链接 在E读中查询图书 在五车中查询图书 在当当中查询图书 在豆瓣中查询图书


正题名:神啦!万能的需求心理学     索取号:B842.9/JY1         预约/预借

序号 登录号 条形码 馆藏地/架位号 状态 备注
1 7852125   278521253   学院路分馆/ [索取号:B842.9/JY1] 在馆    
2 7852126   278521262   学院路分馆/ [索取号:B842.9/JY1] 在馆    
3 7852127   278521271   学院路分馆/ [索取号:B842.9/JY1] 在馆    
唐山师范学院图书馆 欢迎您!
大连网信软件有限公司© 版权所有